000 00251nam a2200097Ia 4500
001 1048351
005 20250826232253.0
008 250824s9999 xx 000 0 und d
245 0 _aAŞK AYETLERİ
_cHABIBURRAHMAN EL SHIRAZY
260 _bPANAMA YAYINLARI
999 _c1048351
_d1048351